| 000 | 00752nam a22002177a 4500 | ||
|---|---|---|---|
| 999 |
_c19780 _d19780 |
||
| 003 | AR-CdUCM | ||
| 008 | 190522b ||||| |||| 00| 0 spa d | ||
| 040 |
_aMUNICIPALIDAD PROVINCIAL DEL CUSCO _cBIBLIOTECA MUNICIPAL DEL CUSCO |
||
| 082 |
_a373.4 / _bB39 |
||
| 100 |
_aBest, J. W. _941364 |
||
| 245 | _aComo investigar en educación / | ||
| 260 |
_aMadrid : _bMorata, _c1970. |
||
| 300 |
_a397 páginas ; _c25 cm. |
||
| 505 | _aContenido : Significa do de la investigación -- Elección del problema -- Uso de las referencias ... | ||
| 650 |
_aInvestigacion historica _98698 |
||
| 650 |
_aInvestigación descriptiva _941365 |
||
| 650 |
_aInvestigación experimental _941366 |
||
| 650 |
_aMetodología _92264 |
||
| 942 |
_2ddc _cLIBROS |
||
| 945 | _arcc | ||